[Event "Lloyds Bank Masters 04th"]
[Site "London"]
[Date "1980.08.20"]
[Round "1.1"]
[White "Kaner, Richard"]
[Black "Gheorghiu, Florin"]
[Result "0-1"]
[WhiteElo "2305"]
[BlackElo "2605"]
[PlyCount "86"]
[EventDate "1980.08.20"]
[EventType "swiss"]
[EventRounds "9"]
[EventCountry "ENG"]
[SourceTitle "BritBase"]
[Source "John Saunders"]
[SourceDate "2020.09.07"]
[SourceVersion "1"]
[SourceVersionDate "2020.09.07"]
[SourceQuality "2"]

1. e4 c5 2. Nf3 e6 3. d4 cxd4 4. Nxd4 a6 5. Nc3 Qc7 6. g3 Bb4 7. Nde2 Nf6 8.
Bg2 Be7 9. O-O Nc6 10. h3 O-O 11. g4 b5 12. a3 Bb7 13. g5 Ne8 14. h4 Rd8 15.
Kh1 b4 16. axb4 Nxb4 17. Nf4 f5 18. f3 Nd6 19. Nh5 fxe4 20. fxe4 Rxf1+ 21. Qxf1
Nxc2 22. Ra4 Bc6 23. Rxa6 Nb4 24. Ra1 Rf8 25. Qe2 Ne8 26. e5 Rf5 27. Bd2 Qxe5
28. Bxc6 Qxe2 29. Nxe2 Nxc6 30. Ra8 Rf8 31. Bc3 g6 32. Nhf4 Nd6 33. Rxf8+ Kxf8
34. Ng3 Kf7 35. Kg2 Nb5 36. Bd2 e5 37. Nh3 d5 38. h5 Ke6 39. hxg6 hxg6 40. Kf1
Nd6 41. Ne2 Nc4 42. Bc1 Nb4 43. Kf2 Nd3+ 0-1

[Event "Lloyds Bank Masters 04th"]
[Site "London"]
[Date "1980.08.20"]
[Round "1.2"]
[White "Sax, Gyula"]
[Black "Pils, Walter"]
[Result "1/2-1/2"]
[WhiteElo "2570"]
[BlackElo "2300"]
[PlyCount "93"]
[EventDate "1980.08.20"]
[EventType "swiss"]
[EventRounds "9"]
[EventCountry "ENG"]
[SourceTitle "BritBase"]
[Source "John Saunders"]
[SourceDate "2020.09.07"]
[SourceVersion "1"]
[SourceVersionDate "2020.09.07"]
[SourceQuality "2"]

1. e4 c5 2. Nf3 Nc6 3. d4 cxd4 4. Nxd4 e5 5. Nb5 a6 6. Nd6+ Bxd6 7. Qxd6 Qf6 8.
Qd1 Qg6 9. Nc3 d5 10. Nxd5 Qxe4+ 11. Be3 Nd4 12. Nc7+ Ke7 13. Rc1 Bg4 14. Nd5+
Qxd5 15. Qxg4 Nf6 16. Qd1 Rhd8 17. c3 Nf5 18. Bg5 h6 19. Bxf6+ gxf6 20. Qxd5
Rxd5 21. Bc4 Rd7 22. Rd1 Rad8 23. Rxd7+ Rxd7 24. Ke2 Nd6 25. Bd5 f5 26. Rd1 Ne8
27. g3 f6 28. c4 Nd6 29. Rd3 Rc7 30. a4 a5 31. Rb3 Rc5 32. Rc3 Kd7 33. Rd3 Ke7
34. b3 b6 35. f4 Ne8 36. Bg2 Nc7 37. Re3 Ne6 38. Bd5 Nd4+ 39. Kd3 Kd6 40. Kc3
Rc7 41. Re1 Re7 42. Rd1 Kc5 43. Rd2 Rg7 44. Rd1 Ne2+ 45. Kd3 Nd4 46. Kc3 Ne2+
47. Kd3 1/2-1/2

[Event "Lloyds Bank Masters 04th"]
[Site "London"]
[Date "1980.08.20"]
[Round "1.3"]
[White "Crouch, Colin S"]
[Black "Shamkovich, Leonid"]
[Result "1/2-1/2"]
[WhiteElo "2330"]
[BlackElo "2515"]
[PlyCount "111"]
[EventDate "1980.08.20"]
[EventType "swiss"]
[EventRounds "9"]
[EventCountry "ENG"]
[SourceTitle "BritBase"]
[Source "John Saunders"]
[SourceDate "2020.09.07"]
[SourceVersion "1"]
[SourceVersionDate "2020.09.07"]
[SourceQuality "2"]

1. e4 c5 2. c3 Nf6 3. e5 Nd5 4. d4 Nc6 5. Nf3 cxd4 6. Bc4 Nb6 7. Bb3 d5 8. exd6
Qxd6 9. O-O Bf5 10. Nxd4 Nxd4 11. cxd4 e6 12. Nc3 Be7 13. Qf3 Qd7 14. a4 O-O
15. a5 Nc8 16. Ba4 Qc7 17. a6 Nd6 18. axb7 Rab8 19. g4 Bg6 20. Bc6 f5 21. d5
fxg4 22. Qe2 e5 23. Rxa7 Nf5 24. Nb5 Nd4 25. Nxd4 exd4 26. Qxg4 d3 27. Be3 Bd6
28. Ra8 Bf5 29. Qh4 Qf7 30. Rd1 h6 31. Rxb8 Rxb8 32. Bf4 Qg6+ 33. Bg3 Be4 34.
Qh3 Kh7 35. Qe6 Qxe6 36. dxe6 Bxc6 37. Bxd6 Rxb7 38. Rxd3 Rxb2 39. f3 Re2 40.
e7 Kg6 41. Rc3 Be8 42. Rb3 Kf7 43. Rb7 Re6 44. Bb4 Re2 45. Bd6 Re6 46. Bc5 Re5
47. Rc7 Re2 48. Bb4 Rb2 49. Rc4 g5 50. h4 Ke6 51. hxg5 hxg5 52. Re4+ Kf5 53.
Bc5 Rc2 54. Bf2 Rc7 55. Bg3 Rd7 56. Re1 1/2-1/2

[Event "Lloyds Bank Masters 04th"]
[Site "London"]
[Date "1980.08.20"]
[Round "1.4"]
[White "Hartston, William Roland"]
[Black "Baljon, Christofoor"]
[Result "1/2-1/2"]
[WhiteElo "2465"]
[BlackElo "2340"]
[PlyCount "65"]
[EventDate "1980.08.20"]
[EventType "swiss"]
[EventRounds "9"]
[EventCountry "ENG"]
[SourceTitle "BritBase"]
[Source "John Saunders"]
[SourceDate "2020.09.07"]
[SourceVersion "1"]
[SourceVersionDate "2020.09.07"]
[SourceQuality "2"]

1. e4 c5 2. Nc3 Nc6 3. g3 g6 4. Bg2 Bg7 5. d3 d6 6. Be3 Rb8 7. Qd2 b5 8. Nge2
Nd4 9. O-O e6 10. Nd1 Ne7 11. Nc1 b4 12. a3 a5 13. axb4 axb4 14. c3 Ndc6 15.
Bh6 O-O 16. Bxg7 Kxg7 17. Ne3 d5 18. exd5 exd5 19. cxb4 Rxb4 20. Nc2 Rb8 21.
Qc3+ d4 22. Qxc5 Qb6 23. Qxb6 Rxb6 24. Rb1 Be6 25. b4 Rfb8 26. Re1 Nd5 27. Ne2
Ndxb4 28. Nxb4 Nxb4 29. Nxd4 Nxd3 30. Rxb6 Rxb6 31. Nxe6+ Rxe6 32. Rxe6 fxe6
33. Kf1 1/2-1/2

[Event "Lloyds Bank Masters 04th"]
[Site "London"]
[Date "1980.08.20"]
[Round "1.6"]
[White "Ligterink, Gert"]
[Black "Friedgood, David"]
[Result "1/2-1/2"]
[WhiteElo "2455"]
[BlackElo "2335"]
[PlyCount "51"]
[EventDate "1980.08.20"]
[EventType "swiss"]
[EventRounds "9"]
[EventCountry "ENG"]
[SourceTitle "BritBase"]
[Source "John Saunders"]
[SourceDate "2020.09.07"]
[SourceVersion "1"]
[SourceVersionDate "2020.09.07"]
[SourceQuality "2"]

1. d4 Nf6 2. c4 c5 3. Nf3 cxd4 4. Nxd4 e6 5. g3 Qc7 6. Nc3 a6 7. Bg2 Qxc4 8.
Bg5 Nc6 9. Nxc6 dxc6 10. Bxf6 gxf6 11. O-O Be7 12. Rc1 Qb4 13. Qd2 O-O 14. Rfd1
e5 15. a3 Qg4 16. Ne4 Be6 17. Qa5 Bd5 18. Qc7 Qe6 19. Nc5 Bxc5 20. Rxc5 e4 21.
e3 Qe5 22. Qb6 Rab8 23. Rd4 f5 24. Bf1 Qe7 25. Bh3 Qe5 26. Bf1 1/2-1/2

[Event "Lloyds Bank Masters 04th"]
[Site "London"]
[Date "1980.08.20"]
[Round "1.7"]
[White "Strauss, David J"]
[Black "Chandler, Murray G"]
[Result "1/2-1/2"]
[WhiteElo "2335"]
[BlackElo "2450"]
[PlyCount "69"]
[EventDate "1980.08.20"]
[EventType "swiss"]
[EventRounds "9"]
[EventCountry "ENG"]
[SourceTitle "BritBase"]
[Source "John Saunders"]
[SourceDate "2020.09.07"]
[SourceVersion "1"]
[SourceVersionDate "2020.09.07"]
[SourceQuality "2"]

1. c4 e5 2. Nc3 Nf6 3. Nf3 Nc6 4. g3 Bb4 5. Bg2 O-O 6. O-O e4 7. Ne1 Re8 8. Nd5
Bf8 9. d3 exd3 10. Nxd3 Nxd5 11. cxd5 Ne7 12. d6 cxd6 13. Nf4 Nc6 14. b3 b5 15.
Bb2 Ba6 16. Re1 Rb8 17. a3 Bb7 18. Nd5 Ne7 19. Rc1 Nxd5 20. Bxd5 Qg5 21. Bxb7
Rxb7 22. e3 h5 23. Qf3 Reb8 24. Red1 Qg4 25. Kg2 Qxf3+ 26. Kxf3 Be7 27. Bc3 Rc7
28. Bb4 Rc6 29. Rc3 f6 30. Rcd3 Rbb6 31. Rd5 g6 32. Ba5 Rb7 33. Bb4 Rbb6 34.
Ba5 Rb7 35. Bb4 1/2-1/2

[Event "Lloyds Bank Masters 04th"]
[Site "London"]
[Date "1980.08.20"]
[Round "1.9"]
[White "Toth, Peter"]
[Black "Bellin, Robert"]
[Result "0-1"]
[WhiteElo "2300"]
[BlackElo "2440"]
[PlyCount "60"]
[EventDate "1980.08.20"]
[EventType "swiss"]
[EventRounds "9"]
[EventCountry "ENG"]
[SourceTitle "BritBase"]
[Source "John Saunders"]
[SourceDate "2020.09.07"]
[SourceVersion "1"]
[SourceVersionDate "2020.09.07"]
[SourceQuality "2"]

1. d4 Nf6 2. Bg5 Ne4 3. Bf4 c5 4. d5 Qb6 5. Qc1 c4 6. e3 Qa5+ 7. Nc3 d6 8. f3
Nxc3 9. Qd2 g5 10. Bg3 Bg7 11. Ne2 Qxd5 12. Nxc3 Qxd2+ 13. Kxd2 Be6 14. Nb5 Kd7
15. c3 Nc6 16. h4 h6 17. Be2 f5 18. Bf2 a6 19. Nd4 Nxd4 20. cxd4 Bd5 21. a3 e5
22. Rac1 b5 23. Rce1 exd4 24. exd4 Bf6 25. Bd1 gxh4 26. Bc2 f4 27. Bf5+ Kc6 28.
Kc3 a5 29. Be4 Rhg8 30. Bxh4 b4+ 0-1

[Event "Lloyds Bank Masters 04th"]
[Site "London"]
[Date "1980.08.20"]
[Round "1.11"]
[White "Langeweg, Kick"]
[Black "Rumens, David Edward"]
[Result "1-0"]
[WhiteElo "2425"]
[BlackElo "2310"]
[PlyCount "87"]
[EventDate "1980.08.20"]
[EventType "swiss"]
[EventRounds "9"]
[EventCountry "ENG"]
[SourceTitle "BritBase"]
[Source "John Saunders"]
[SourceDate "2020.09.07"]
[SourceVersion "1"]
[SourceVersionDate "2020.09.07"]
[SourceQuality "2"]

1. Nf3 f5 2. d4 Nf6 3. g3 e6 4. Bg2 d5 5. O-O Bd6 6. c4 c6 7. b3 Qe7 8. Qc2 O-O
9. Nbd2 Ng4 10. Bb2 Nd7 11. e3 Qf6 12. Rae1 a5 13. a3 Ra6 14. c5 Bc7 15. b4
axb4 16. axb4 b5 17. Ra1 Rxa1 18. Rxa1 Qh6 19. Qb3 e5 20. dxe5 Ndxe5 21. h3
Nxf3+ 22. Nxf3 Nf6 23. Ra7 Bb8 24. Ra8 Bb7 25. Ra3 Ne4 26. Bd4 g5 27. Be5 g4
28. Bxb8 gxf3 29. Bf4 Qh5 30. Bf1 Nd2 31. Qd3 Nxf1 32. Qxf1 Re8 33. Ra7 Re7 34.
Kh2 Qf7 35. Qd1 Re4 36. Qxf3 Rxb4 37. g4 Ra4 38. Rxa4 bxa4 39. Be5 Bc8 40. g5
a3 41. Qf4 Qe6 42. Bd4 Qe4 43. Qc7 Kf8 44. Qxc8+ 1-0

[Event "Lloyds Bank Masters 04th"]
[Site "London"]
[Date "1980.08.20"]
[Round "1.13"]
[White "Nicholson, John G"]
[Black "Calvo Minguez, Ricardo"]
[Result "0-1"]
[WhiteElo "2305"]
[BlackElo "2420"]
[PlyCount "92"]
[EventDate "1980.08.20"]
[EventType "swiss"]
[EventRounds "9"]
[EventCountry "ENG"]
[SourceTitle "BritBase"]
[Source "John Saunders"]
[SourceDate "2020.09.07"]
[SourceVersion "1"]
[SourceVersionDate "2020.09.07"]
[SourceQuality "2"]

1. e4 e5 2. Nf3 Nc6 3. Bb5 a6 4. Ba4 d6 5. Bxc6+ bxc6 6. d4 f6 7. Be3 Ne7 8.
Nc3 Ng6 9. Qd2 Bd7 10. O-O-O Qb8 11. h4 h5 12. dxe5 fxe5 13. Ng5 Be7 14. g3 Qb4
15. f4 Rb8 16. b3 Bg4 17. Rdf1 a5 18. f5 Nf8 19. Kb2 a4 20. Ka1 axb3 21. cxb3
Bf6 22. Rc1 g6 23. fxg6 Nxg6 24. Rhf1 O-O 25. Nd5 cxd5 26. Qxd5+ Kg7 27. Rxf6
Rxf6 28. Rxc7+ Ne7 29. Rxe7+ Kg6 30. Kb2 Qb5 31. Qxb5 Rxb5 32. a4 Rb8 33. a5
Be2 34. Ka3 Rb5 35. Bb6 Rf1 36. Re6+ Kg7 37. Rxd6 Bc4 38. Ne6+ Bxe6 39. Rxe6
Rf3 40. Bc7 Rfxb3+ 41. Ka2 R3b4 42. Bxe5+ Kf7 43. Rf6+ Ke7 44. Bd6+ Kxf6 45.
Bxb4 Rxb4 46. Ka3 Rxe4 0-1

[Event "Lloyds Bank Masters 04th"]
[Site "London"]
[Date "1980.08.20"]
[Round "1.15"]
[White "Watson, William N"]
[Black "Lederman, Leon"]
[Result "1-0"]
[WhiteElo "2320"]
[BlackElo "2410"]
[PlyCount "47"]
[EventDate "1980.08.20"]
[EventType "swiss"]
[EventRounds "9"]
[EventCountry "ENG"]
[SourceTitle "BritBase"]
[Source "John Saunders"]
[SourceDate "2020.09.07"]
[SourceVersion "1"]
[SourceVersionDate "2020.09.07"]
[SourceQuality "2"]

1. e4 c5 2. f4 e6 3. Nf3 d6 4. Be2 Nc6 5. O-O g6 6. d4 cxd4 7. Nxd4 Nf6 8. Nc3
Be7 9. Kh1 O-O 10. f5 e5 11. Nxc6 bxc6 12. Bh6 Re8 13. fxg6 hxg6 14. Bc4 Be6
15. Bxe6 fxe6 16. Qf3 Qd7 17. Rad1 Bd8 18. Bg5 Rf8 19. Qg3 Qe7 20. Bh6 Kf7 21.
Rd3 Ke8 22. Bxf8 Qxf8 23. Qxg6+ Kd7 24. Rdf3 1-0

[Event "Lloyds Bank Masters 04th"]
[Site "London"]
[Date "1980.08.20"]
[Round "1.16"]
[White "Botterill, George Steven"]
[Black "Marlow, Michael W"]
[Result "1/2-1/2"]
[WhiteElo "2420"]
[BlackElo "2305"]
[PlyCount "50"]
[EventDate "1980.08.20"]
[EventType "swiss"]
[EventRounds "9"]
[EventCountry "ENG"]
[SourceTitle "BritBase"]
[Source "John Saunders"]
[SourceDate "2020.09.07"]
[SourceVersion "1"]
[SourceVersionDate "2020.09.07"]
[SourceQuality "2"]

1. d4 Nf6 2. c4 g6 3. Nc3 Bg7 4. e4 d6 5. Nf3 O-O 6. Be3 e5 7. dxe5 dxe5 8.
Qxd8 Rxd8 9. Nd5 Nxd5 10. cxd5 c6 11. Bc4 b5 12. Bb3 Bb7 13. O-O cxd5 14. exd5
Na6 15. Rfd1 Nc7 16. d6 Ne6 17. Ng5 Nxg5 18. Bxg5 Rd7 19. a4 a6 20. Rac1 Rc8
21. Rxc8+ Bxc8 22. axb5 axb5 23. Rd5 Rb7 24. Rc5 Bd7 25. f3 e4 1/2-1/2

[Event "Lloyds Bank Masters 04th"]
[Site "London"]
[Date "1980.08.20"]
[Round "1.21"]
[White "Van der Weide, Piet"]
[Black "Pritchett, Craig William"]
[Result "0-1"]
[WhiteElo "2280"]
[BlackElo "2390"]
[PlyCount "82"]
[EventDate "1980.08.20"]
[EventType "swiss"]
[EventRounds "9"]
[EventCountry "ENG"]
[SourceTitle "BritBase"]
[Source "John Saunders"]
[SourceDate "2020.09.07"]
[SourceVersion "1"]
[SourceVersionDate "2020.09.07"]
[SourceQuality "2"]

1. e4 c5 2. Nf3 e6 3. c3 Nf6 4. e5 Nd5 5. d4 cxd4 6. cxd4 d6 7. a3 Be7 8. Bd3
Nd7 9. O-O O-O 10. Bc2 dxe5 11. dxe5 Qc7 12. Re1 Rd8 13. Nbd2 Nc5 14. Nd4 Bd7
15. N2f3 Be8 16. Ng5 g6 17. h4 h6 18. Ne4 Nxe4 19. Rxe4 Bf8 20. h5 g5 21. Qd3
Bg7 22. Re2 Bxe5 23. Qh7+ Kf8 24. Qxh6+ Bg7 25. Nxe6+ fxe6 26. Qxg5 Bf7 27. h6
Bf6 28. Qg4 Rac8 29. h7 Qc4 30. Qf3 Qh4 31. g3 Qh3 32. Be4 Nc3 33. Rd2 Nxe4 34.
Qxe4 Kg7 35. Rxd8 Rxd8 36. Be3 Rd7 37. Qa4 Rd5 38. Qxa7 Rh5 39. Qxb7 Qh2+ 40.
Kf1 Qh1+ 41. Ke2 Qxb7 0-1

[Event "Lloyds Bank Masters 04th"]
[Site "London"]
[Date "1980.08.20"]
[Round "1.26"]
[White "Fuller, Maxwell L"]
[Black "Wells, Ian Duncan"]
[Result "0-1"]
[WhiteElo "2355"]
[BlackElo "2220"]
[PlyCount "74"]
[EventDate "1980.08.20"]
[EventType "swiss"]
[EventRounds "9"]
[EventCountry "ENG"]
[SourceTitle "BritBase"]
[Source "John Saunders"]
[SourceDate "2020.09.07"]
[SourceVersion "1"]
[SourceVersionDate "2020.09.07"]
[SourceQuality "2"]

1. e4 c5 2. g3 Nc6 3. Bg2 g6 4. Ne2 Bg7 5. c3 d6 6. d4 cxd4 7. cxd4 Nf6 8. Nbc3
O-O 9. O-O e6 10. h3 d5 11. e5 Ne8 12. Be3 Bd7 13. Qd2 Rb8 14. Bh6 b5 15. Bxg7
Nxg7 16. f4 b4 17. Nd1 Na5 18. b3 Bb5 19. Ne3 Qb6 20. Rf2 Bxe2 21. Rxe2 Rfc8
22. g4 Rc3 23. Rf2 Rbc8 24. Rd1 Nc6 25. Bxd5 Rxe3 26. Qxe3 exd5 27. f5 Nd8 28.
e6 fxe6 29. fxg6 hxg6 30. Qh6 e5 31. dxe5 Rc2 32. Rdd2 Rc1+ 33. Kg2 Nde6 34.
Rc2 Rxc2 35. Rxc2 Qd4 36. Rc8+ Kf7 37. Qh8 Nf4+ 0-1

[Event "Lloyds Bank Masters 04th"]
[Site "London"]
[Date "1980.08.20"]
[Round "1.29"]
[White "Finlayson, Shaun G"]
[Black "Knott, Simon JB"]
[Result "1-0"]
[WhiteElo "2250"]
[BlackElo "2220"]
[PlyCount "61"]
[EventDate "1980.08.20"]
[EventType "swiss"]
[EventRounds "9"]
[EventCountry "ENG"]
[SourceTitle "BritBase"]
[Source "John Saunders"]
[SourceDate "2020.09.07"]
[SourceVersion "1"]
[SourceVersionDate "2020.09.07"]
[SourceQuality "2"]

1. e4 e6 2. d4 d5 3. e5 c5 4. Nf3 Nc6 5. c3 Qb6 6. a3 c4 7. g3 Bd7 8. Nbd2 Na5
9. Bh3 Be7 10. O-O h5 11. Ne1 g5 12. Bg2 h4 13. h3 hxg3 14. fxg3 f5 15. exf6
Nxf6 16. Ndf3 Nb3 17. Rb1 g4 18. hxg4 Nxg4 19. Bf4 Bf6 20. Nc2 O-O-O 21. Re1
Be8 22. Ng5 e5 23. Qxg4+ Bd7 24. Qf3 exf4 25. Qxd5 Bxg5 26. Qxg5 f3 27. Bxf3
Rdg8 28. Qf4 Qg6 29. Ne3 Nd2 30. Bg2 Rf8 31. Nd5 1-0

[Event "Lloyds Bank Masters 04th"]
[Site "London"]
[Date "1980.08.20"]
[Round "1.36"]
[White "Van der Mije, Alexandra"]
[Black "Makai, Zsuzsa"]
[Result "1-0"]
[WhiteElo "2285"]
[BlackElo "2175"]
[PlyCount "59"]
[EventDate "1980.08.20"]
[EventType "swiss"]
[EventRounds "9"]
[EventCountry "ENG"]
[SourceTitle "BritBase"]
[Source "John Saunders"]
[SourceDate "2020.09.07"]
[SourceVersion "1"]
[SourceVersionDate "2020.09.07"]
[SourceQuality "2"]

1. e4 c5 2. Nf3 Nc6 3. d4 cxd4 4. Nxd4 Qc7 5. Nc3 e6 6. Nb3 a6 7. g3 Nf6 8. Bg2
Be7 9. O-O Rb8 10. a4 b6 11. Be3 O-O 12. f4 d6 13. g4 Re8 14. g5 Nd7 15. Rf3
Na5 16. Rh3 Nc4 17. Qh5 Nf8 18. Rf1 b5 19. axb5 axb5 20. Bc1 b4 21. Nd1 g6 22.
Qh6 d5 23. e5 Qb6+ 24. Kh1 Ba6 25. Nf2 Nxe5 26. fxe5 Bxf1 27. Ng4 Bxg2+ 28.
Kxg2 f5 29. gxf6 Bxf6 30. Nxf6+ 1-0

[Event "Lloyds Bank Masters 04th"]
[Site "London"]
[Date "1980.08.20"]
[Round "1.46"]
[White "Wells, Peter K"]
[Black "Fransson, Peter"]
[Result "1-0"]
[WhiteElo "2190"]
[BlackElo "2150"]
[PlyCount "47"]
[EventDate "1980.08.20"]
[EventType "swiss"]
[EventRounds "9"]
[EventCountry "ENG"]
[SourceTitle "BritBase"]
[Source "John Saunders"]
[SourceDate "2020.09.07"]
[SourceVersion "1"]
[SourceVersionDate "2020.09.07"]
[SourceQuality "2"]

1. d4 Nf6 2. c4 g6 3. Nc3 Bg7 4. e4 d6 5. f4 c5 6. d5 O-O 7. Nf3 b5 8. cxb5 a6
9. bxa6 Bxa6 10. Be2 Qb6 11. O-O Nbd7 12. Bxa6 Qxa6 13. h3 Rfb8 14. e5 Ne8 15.
Qe1 Nc7 16. e6 fxe6 17. dxe6 Nf6 18. f5 gxf5 19. Nh4 Qc4 20. Nxf5 Qxe6 21. Qg3
Nce8 22. Bh6 Qe5 23. Qg5 Nd7 24. Rae1 1-0

[Event "Lloyds Bank Masters 04th"]
[Site "London"]
[Date "1980.08.21"]
[Round "2.1"]
[White "Gheorghiu, Florin"]
[Black "Watson, William N"]
[Result "0-1"]
[WhiteElo "2605"]
[BlackElo "2300"]
[PlyCount "100"]
[EventDate "1980.08.20"]
[EventType "swiss"]
[EventRounds "9"]
[EventCountry "ENG"]
[SourceTitle "BritBase"]
[Source "John Saunders"]
[SourceDate "2020.09.07"]
[SourceVersion "1"]
[SourceVersionDate "2020.09.07"]
[SourceQuality "2"]

1. d4 Nf6 2. c4 g6 3. Nc3 Bg7 4. e4 O-O 5. Be3 Nc6 6. f3 e5 7. d5 Nd4 8. Nge2
c5 9. dxc6 dxc6 10. Nxd4 exd4 11. Bxd4 Nxe4 12. Bxg7 Qh4+ 13. g3 Nxg3 14. Bf6
Re8+ 15. Ne4 Rxe4+ 16. fxe4 Qxe4+ 17. Kf2 Bg4 18. Qd3 Nxh1+ 19. Kg1 Nf2 20. Qg3
Nd1 21. h3 Bh5 22. b3 Re8 23. Rc1 Qe3+ 24. Qxe3 Nxe3 25. Bd3 Re6 26. Bg5 f6 27.
Bf4 Kf7 28. b4 a6 29. b5 g5 30. Bb8 Bg6 31. bxa6 bxa6 32. Be2 Nc2 33. Kf2 Nd4
34. Bf1 Bh5 35. Rc3 c5 36. Ba7 Re5 37. Ra3 Be2 38. Rxa6 Rf5+ 39. Ke3 Bxf1 40.
Ra5 Ne6 41. Bb8 Bxh3 42. a4 Bg4 43. Ra7+ Kg6 44. a5 Rf3+ 45. Kd2 Ra3 46. Bd6
Bf5 47. Kc1 Rc3+ 48. Kb2 Rxc4 49. Be7 Be4 50. Ra6 Kf5 {Source: BCM, November
1980, p561} 0-1

[Event "Lloyds Bank Masters 04th"]
[Site "London"]
[Date "1980.08.21"]
[Round "2.2"]
[White "Pritchett, Craig William"]
[Black "Gutman, Lev"]
[Result "0-1"]
[WhiteElo "2390"]
[BlackElo "2430"]
[PlyCount "79"]
[EventDate "1980.08.20"]
[EventType "swiss"]
[EventRounds "9"]
[EventCountry "ENG"]
[SourceTitle "BritBase"]
[Source "John Saunders"]
[SourceDate "2020.09.07"]
[SourceVersion "1"]
[SourceVersionDate "2020.09.07"]
[SourceQuality "2"]

1. e4 c5 2. Nf3 d6 3. d4 cxd4 4. Nxd4 Nf6 5. Nc3 e6 6. f4 Be7 7. Be3 O-O 8. Be2
a6 9. Bf3 Qc7 10. Qe2 Nc6 11. O-O-O Nxd4 12. Rxd4 e5 13. Rc4 Qb8 14. Bb6 Be6
15. Nd5 Bxd5 16. exd5 Nd7 17. Ba5 Bd8 18. Bd2 exf4 19. Bxf4 Bf6 20. Re1 Be5 21.
g3 Qd8 22. Kb1 Re8 23. Re4 Qb6 24. c3 Qd8 25. Qd2 Qc7 26. R4e2 Rad8 27. Bg5 Rb8
28. Bg4 Nb6 29. Bf6 gxf6 30. Qh6 f5 31. Bxf5 f6 32. Re4 Re7 33. Rg4+ Kh8 34.
Rxe5 fxe5 35. Qf6+ Rg7 36. Rh4 Nxd5 37. Rxh7+ Kg8 38. Rxg7+ Qxg7 39. Qxd6 Nc7
40. Bc2 0-1

[Event "Lloyds Bank Masters 04th"]
[Site "London"]
[Date "1980.08.21"]
[Round "2.3"]
[White "Veroci, Zsuzsa"]
[Black "Iskov, Gert"]
[Result "1/2-1/2"]
[WhiteElo "2285"]
[BlackElo "2400"]
[PlyCount "96"]
[EventDate "1980.08.20"]
[EventType "swiss"]
[EventRounds "9"]
[EventCountry "ENG"]
[SourceTitle "BritBase"]
[Source "John Saunders"]
[SourceDate "2020.09.07"]
[SourceVersion "1"]
[SourceVersionDate "2020.09.07"]
[SourceQuality "2"]

1. e4 c5 2. Nf3 d6 3. d4 cxd4 4. Nxd4 Nf6 5. Nc3 a6 6. f4 Nbd7 7. Be2 g6 8. O-O
Bg7 9. Kh1 O-O 10. Bf3 Qc7 11. Qe2 e5 12. Nb3 b5 13. a3 Bb7 14. g4 d5 15. exd5
e4 16. Nxe4 Bxd5 17. Nxf6+ Nxf6 18. Bxd5 Nxd5 19. c3 Qc6 20. Qf3 f5 21. Rd1
Rad8 22. Nd4 Bxd4 23. Rxd4 fxg4 24. Qg2 Ne7 25. Qxc6 Nxc6 26. Rxd8 Rxd8 27. Be3
Ne7 28. Bc5 Nf5 29. a4 bxa4 30. Rxa4 Rd1+ 31. Kg2 Rd2+ 32. Bf2 h5 33. Kf1 Rxb2
34. Rxa6 Kf7 35. c4 h4 36. Ra7+ Kf6 37. Ra6+ Kf7 38. Ra7+ Kf8 39. Ra8+ Kf7 40.
Ra7+ Ke8 41. Ra8+ Kd7 42. Ra7+ Kc8 43. Ra6 g3 44. hxg3 hxg3 45. Bxg3 Nxg3+ 46.
Ke1 Rb1+ 47. Kf2 Nh1+ 48. Kg2 Rc1 1/2-1/2

[Event "Lloyds Bank Masters 04th"]
[Site "London"]
[Date "1980.08.21"]
[Round "2.4"]
[White "Pagden, Michael Ashley"]
[Black "Sax, Gyula"]
[Result "1-0"]
[WhiteElo "2280"]
[BlackElo "2570"]
[PlyCount "95"]
[EventDate "1980.08.20"]
[EventType "swiss"]
[EventRounds "9"]
[EventCountry "ENG"]
[SourceTitle "BritBase"]
[Source "John Saunders"]
[SourceDate "2020.09.07"]
[SourceVersion "1"]
[SourceVersionDate "2020.09.07"]
[SourceQuality "2"]

1. c4 e5 2. Nc3 Nf6 3. Nf3 Nc6 4. g3 Bb4 5. Nd5 Bc5 6. Bg2 O-O 7. O-O d6 8. e3
Bg4 9. h3 Bh5 10. g4 Bg6 11. d4 Bb6 12. Nxf6+ Qxf6 13. d5 Nb4 14. Ne1 a5 15. e4
Bd4 16. a3 Na6 17. Qe2 Nc5 18. Rb1 a4 19. Nc2 Qh4 20. Bd2 h5 21. Be1 hxg4 22.
hxg4 Qe7 23. Bf3 c6 24. Bb4 cxd5 25. cxd5 Rfc8 26. Nxd4 exd4 27. Bxc5 Rxc5 28.
Rbd1 Qf6 29. Bg2 Rac8 30. f4 Rc2 31. Rd2 d3 32. Qxd3 Qxb2 33. Rff2 Rc1+ 34. Kh2
Qf6 35. g5 Qe7 36. Rc2 R1xc2 37. Rxc2 Re8 38. Qd4 f6 39. f5 Bh5 40. g6 b5 41.
Kg3 b4 42. axb4 a3 43. Ra2 Qc7 44. Rxa3 Qc1 45. Qe3 Qb2 46. Ra7 Rc8 47. b5 Qe5+
48. Kh4 1-0

[Event "Lloyds Bank Masters 04th"]
[Site "London"]
[Date "1980.08.21"]
[Round "2.6"]
[White "Shamkovich, Leonid"]
[Black "Brown, Simon D"]
[Result "1-0"]
[WhiteElo "2515"]
[BlackElo "2260"]
[PlyCount "77"]
[EventDate "1980.08.20"]
[EventType "swiss"]
[EventRounds "9"]
[EventCountry "ENG"]
[SourceTitle "BritBase"]
[Source "John Saunders"]
[SourceDate "2020.09.07"]
[SourceVersion "1"]
[SourceVersionDate "2020.09.07"]
[SourceQuality "2"]

1. e4 e6 2. d4 d5 3. Nd2 Nf6 4. e5 Nfd7 5. f4 c5 6. c3 Nc6 7. Ndf3 Qb6 8. Ne2
f6 9. g3 cxd4 10. cxd4 Bb4+ 11. Nc3 O-O 12. a3 Be7 13. Na4 Qc7 14. Be3 g5 15.
exf6 Nxf6 16. Nxg5 e5 17. Qc2 Qa5+ 18. b4 Bxb4+ 19. axb4 Nxb4 20. Qc3 Nc2+ 21.
Kd2 Nxa1 22. Qxa5 Nb3+ 23. Kc3 Nxa5 24. dxe5 Ne4+ 25. Nxe4 dxe4 26. Bc5 Rd8 27.
Bb4 Nc6 28. Bc4+ Kg7 29. Bd6 b6 30. Bd5 Bd7 31. Kb2 Rac8 32. Nc3 Na5 33. Be7
Re8 34. Bf6+ Kg6 35. Nxe4 Bc6 36. f5+ Kh5 37. Rf1 Kg4 38. Ng5 Bxd5 39. Rf4+ 1-0